Διανυσματικός λογισμός

Αποθηκεύτηκε σε:
Λεπτομέρειες βιβλιογραφικής εγγραφής
Κύριος συγγραφέας: Καζαντζίδης, Γεώργιος Σ.
Μορφή: Βιβλίο
Γλώσσα:Greek
Δημοσίευση: Θεσσαλονίκη : [χ.ό], 1966
Θέματα:
Ετικέτες: Προσθήκη ετικέτας
Δεν υπάρχουν, Καταχωρήστε ετικέτα πρώτοι!

MARC

LEADER 00000cam a2200000 a 4500
001 1/107591
008 150720s1966####gr | ||| |||| ||gre||
040 |a GR-MyUa  |b gre  |c GR-MyUa  |e AACR2 
041 0 |a gre 
082 7 |a 515.63   |2 (23) 
100 1 |a Καζαντζίδης, Γεώργιος Σ. 
245 1 0 |a Διανυσματικός λογισμός /   |c Γεωργίου Στυλ. Καζαντζίδου.  
260 |a Θεσσαλονίκη :   |b [χ.ό],   |c 1966  
300 |a vi, 167 σ. :   |b σχέδια ;   |c 24 εκ.  
500 |a Στη σ. τ. υπάρχει ιδιόχειρη αφιέρωση "κ. Παν. Ν. Μάγειραν τιμής ένεκεν, μετά θερμών ευχών. Υπογραφή. Ιανουάριος 1967". 
500 |a Χειρόγραφη και πολυγραφημένη έκδοση. 
505 8 |a Τ. 1. Άλγεβρα (Διά τήν Μέσην Εκπαίδευσιν).  
650 0 |a Calculus. 
650 0 |a Vector analysis. 
650 0 |a Algebra. 
740 0 |a Άλγεβρα 
852 |a INST  |b SAMOS  |c MAG  |e 20150720  |h 515.63 ΚΑΖ  |p 005300034897  |q 005300034897  |t BK  |v τομ.1:  |y 0 
853 |a INST  |b SAMOS  |c MAG  |h 515.63 ΚΑΖ 
970 |a Σιτζίμη  |b Γιασεμή  |z 20/07/2015